[Event "Sisak"]
[Site "Sisak"]
[Date "1998.11.21"]
[Round "2"]
[White "Berezjuk, Sergej"]
[Black "Dobos, Jozsef"]
[Result "1-0"]
[WhiteElo "2410"]
[BlackElo "2385"]

1.e4 c5 2.Nf3 d6 3.Bb5+ Nd7 4.d4 Nf6 5.O-O a6 6.Bxd7+ Nxd7 7.c4 e6 8.Nc3 Be7
9.Be3 Qc7 10.Rc1 O-O 11.b3 cxd4 12.Nxd4 Nf6 13.f3 Bd7 14.Qd2 Rac8 15.Rfd1 Qb8
16.a4 Rfd8 17.Kh1 Be8 18.Bf2 Qc7 19.Qe2 Qa5 20.Qd2 Qc7 21.Nde2 Nd7 22.Bg3 Ne5
23.f4 Nd7 24.f5 Nc5 25.Qc2 Qb6 26.Rb1 a5 27.Bf2 Qa6 28.Nd4 Bf6 29.Ndb5 Be5
30.Bd4 Qb6 31.Qf2 Bxb5 32.Nxb5 exf5 33.exf5 f6 34.Nc3 Qc6 35.Nd5 Re8 36.Qf3 Nd7
37.Bf2 Nc5 38.Qg4 Kh8 39.Be3 Nd7 40.Bd2 Ra8 41.Be3 Nc5 42.Rf1 Nd7 43.Rf3 b5
44.axb5 Qb7 45.Rh3 Nf8 46.Qd1  1-0

[Event "BL2-S9899"]
[Site "Germany"]
[Date "1998.11.22"]
[Round "2.7"]
[White "Schulze, Andreas"]
[Black "Bach, Edwin"]
[Result "1/2-1/2"]
[WhiteElo "2250"]
[BlackElo "2310"]

1.e4 c5 2.Nf3 d6 3.Bb5+ Nd7 4.O-O Nf6 5.Re1 a6 6.Bf1 e5 7.c3 Be7 8.d4 O-O
9.dxe5 dxe5 10.Bg5 Qc7 11.Nbd2 b6 12.Bd3 Bb7 13.Qe2 b5 14.Nf1 c4 15.Bc2 Nc5
16.Ng3 g6 17.Rad1 Rfd8 18.h3 Ne6 19.Bh6 Rd7 20.Rxd7 Nxd7 21.Rd1 Rd8 22.Nf1 Ndc5
23.Rxd8+ Bxd8 24.g3 Be7 25.Bc1 Qd6 26.Ne1 Bg5 27.Bxg5 Nxg5 28.f3 Nxh3+ 29.Kg2 Ng5
30.Qe3 Nge6 31.Nh2 h5 32.Nf1 Kg7 33.Qd2 Qe7 34.Kh2 h4 35.Ng2 hxg3+ 36.Nxg3 Qf6
37.Qe3 Qg5 38.Nf1 Qh5+ 39.Kg1 Nd7 40.Kf2 Ndc5 41.Ng3 Qg5 42.Qxg5 Nxg5 43.Ke3 Nh3
44.Nf1 Ne6 45.b3 cxb3 46.Bxb3 Nhf4 47.Nxf4 Nxf4 48.Nd2 Kf6 49.c4 Ke7 50.cxb5 axb5
51.a4 bxa4 52.Bxa4 Bc8 53.Nc4 f6 54.Nd2 Be6 55.Bb3 Bxb3 56.Nxb3 Kd6 57.Nd2 Ne6
58.Nf1 f5 59.exf5 gxf5 60.Nd2 Kd5 61.Nf1 f4+ 62.Kd3 Nc5+ 63.Ke2 Kd4 64.Nh2 Na4
65.Ng4 Nc3+ 66.Kf2 Nd1+ 67.Ke2 Ne3 68.Nf6 Nf5 69.Ng4 Nh4 70.Kf2 Kd5 71.Nf6+ Ke6
72.Ne4 Nf5 73.Ng5+ Kd5 74.Ne4 Kd4 75.Ng5 Ng3 76.Ne6+ Kd5 77.Ng5 e4 78.fxe4+ Nxe4+
79.Nxe4 Kxe4 80.Ke2 f3+ 81.Kf2 Kf4 82.Kf1 Kg3 83.Kg1  1/2-1/2

[Event "Elgoibar"]
[Site "Elgoibar"]
[Date "1998.11.23"]
[Round "3"]
[White "Fernandes, Antonio"]
[Black "Van der Wiel, John TH"]
[Result "0-1"]
[WhiteElo "2480"]
[BlackElo "2520"]

1.e4 c5 2.Nf3 d6 3.Bb5+ Bd7 4.Bxd7+ Nxd7 5.O-O Ngf6 6.Re1 e6 7.d4 cxd4 8.Nxd4 Nc5
9.Nc3 Be7 10.Nb3 Qc7 11.Bf4 Rd8 12.Qe2 a6 13.e5 dxe5 14.Bxe5 Qc6 15.Nxc5 Bxc5
16.Bxf6 gxf6 17.Ne4 Be7 18.Qg4 Kf8 19.Qf4 Rg8 20.g3 f5 21.Qh6+ Rg7 22.Nf6 e5
23.Nxh7+ Kg8 24.Qxc6 bxc6 25.Rxe5 f6 26.Nxf6+ Bxf6 27.Rxf5 Bxb2 28.Rb1 Bd4
29.Kg2 Rf7 30.Rg5+ Kf8 31.f4 Ba7 32.Kf3 Rd2 33.Ra5 Rxh2 34.Rxa6 Rxc2 35.Rb3 Rc7
36.g4 Rf2+ 37.Kg3 Re2 38.g5 Bd4 39.Kg4 c5 40.Rh3 c4 41.Ra8+ Re8 42.Ra4 Rd8
43.g6 Bg7 44.f5 c3 45.f6 Bxf6 46.Rf4 Rd4 47.Rh8+ Ke7 48.Rh7+ Kd6 49.Rf7 Rxf4+
50.Kxf4 c2 51.Rxf6+ Kd5  0-1

[Event "National Congress 29th"]
[Site "Philadelphia"]
[Date "1998.11.27"]
[Round "2"]
[White "Curdo, John"]
[Black "Shahade, Gregory"]
[Result "0-1"]
[WhiteElo "2295"]
[BlackElo "2355"]

1.e4 c5 2.Nf3 d6 3.Bb5+ Bd7 4.Bxd7+ Qxd7 5.O-O Nc6 6.c3 Nf6 7.Qe2 e6 8.d4 cxd4
9.cxd4 d5 10.e5 Ne4 11.Nbd2 Nxd2 12.Bxd2 Be7 13.Bc3 O-O 14.Nd2 b5 15.Qxb5 Nxe5
16.Qe2 Nc6 17.f4 Bd6 18.h3 Rac8 19.Rac1 Rfe8 20.Qd3 Qb7 21.Nf3 f6 22.f5 e5
23.dxe5 Nxe5 24.Nxe5 fxe5 25.Qf3 Qf7 26.Bd2 Bc5+ 27.Kh2 e4 28.Qg4 e3 29.Bc3 d4
30.Be1 d3 31.Bc3 d2  0-1

[Event "Iona Tech Masters"]
[Site "Kilkenny"]
[Date "1998.11.29"]
[Round "6"]
[White "Richards, John"]
[Black "O'Connell, Gerard"]
[Result "0-1"]
[WhiteElo "2050"]
[BlackElo "2180"]

1.e4 c5 2.Nf3 d6 3.Bb5+ Nd7 4.Nc3 a6 5.Be2 Ngf6 6.O-O b5 7.d3 e6 8.Re1 Be7
9.Be3 Bb7 10.a4 b4 11.Nb1 O-O 12.a5 Qc7 13.Nbd2 d5 14.exd5 exd5 15.d4 c4
16.c3 b3 17.Bg5 Bd6 18.Nf1 Ne4 19.Qc1 Rae8 20.Ng3 f6 21.Be3 f5 22.Bd2 f4
23.Nf1 Bc8 24.Ra4 Kh8 25.Ne5 Nxe5 26.dxe5 Bxe5 27.Bxc4 Nc5 28.Bxb3 Nxb3 29.Qc2 Nc5  0-1

[Event "Budapest FS12 IM-B"]
[Site "Budapest"]
[Date "1998.12.05"]
[Round "1"]
[White "Nowik, Volker"]
[Black "Farago, Sandor"]
[Result "0-1"]
[WhiteElo "2135"]
[BlackElo "2335"]

1.e4 c5 2.Nf3 d6 3.Bb5+ Nd7 4.O-O a6 5.Bxd7+ Bxd7 6.c3 Nf6 7.Re1 e6 8.d4 cxd4
9.cxd4 Be7 10.Nc3 O-O 11.Bg5 h6 12.Bh4 Rc8 13.Qd2 b5 14.a3 Bc6 15.Bxf6 Bxf6
16.Qf4 Bb7 17.e5 dxe5 18.dxe5 Rc4 19.Qg3 Be7 20.Rad1 Qc7 21.Nd2 Rd4 22.Nb3 Rh4
23.Rd3 Rh5 24.f4 Bh4 25.Qg4 Bxe1 26.Qxh5 Qc4 27.Qd1 Bxc3 28.Rxc3 Qxf4 29.Qd4 Qf5
30.Rg3 Bd5 31.Nc5 Rc8 32.h3 a5 33.Kh2 b4 34.Qe3 Kh7 35.axb4 axb4 36.Rg4 Qc2  0-1

[Event "BL9899 (Women)"]
[Site "Germany"]
[Date "1998.12.05"]
[Round "5.3"]
[White "Micic, Jordanka"]
[Black "Burchardt, Brigitte"]
[Result "1-0"]
[WhiteElo "2315"]
[BlackElo "2245"]

1.e4 c5 2.Nf3 d6 3.Bb5+ Bd7 4.Bxd7+ Nxd7 5.O-O e6 6.d4 cxd4 7.Qxd4 Qb6 8.Qxb6 Nxb6
9.Be3 Nc4 10.Bd4 Nf6 11.b3 Na5 12.Re1 Nc6 13.c4 Nxd4 14.Nxd4 Be7 15.Nc3 O-O
16.Rad1 Rfd8 17.Re3 a6 18.Red3 Rac8 19.g3 g6 20.Kg2 Kf8 21.f3 Ke8 22.f4 Nd7
23.Na4 Nc5 24.Nxc5 dxc5 25.Nf3 Rxd3 26.Rxd3 Rd8 27.Rxd8+ Bxd8 28.Ne1 f6 29.Nd3 Be7
30.Kf3 b6 31.f5 Kf7 32.g4 Bd6 33.fxg6+ Kxg6 34.h4 h6 35.e5 fxe5 36.Ke4 h5
37.g5 Bc7 38.b4 cxb4 39.Nxb4 a5  1-0

[Event "ROM-ch (Women)"]
[Site "Sovata"]
[Date "1998.12.05"]
[Round "2"]
[White "Peptan, Corina"]
[Black "Vajda, Szidonia"]
[Result "0-1"]
[WhiteElo "2430"]
[BlackElo "2270"]

1.e4 c5 2.Nf3 d6 3.Bb5+ Nd7 4.O-O a6 5.Bxd7+ Bxd7 6.d4 cxd4 7.Qxd4 e5 8.Qd3 Nf6
9.Bg5 Rc8 10.Nc3 Be6 11.Rfd1 h6 12.Bxf6 Qxf6 13.Nd5 Bxd5 14.Qxd5 Rc7 15.Rac1 Be7
16.Nd2 Qe6 17.Qa5 Qc8 18.c3 O-O 19.Nf1 Rc5 20.Qa4 b5 21.Qb3 Qc6 22.Ng3 Rc8
23.Rd3 Bf8 24.Rcd1 Rc4 25.a3 a5 26.Rd5 Rb8 27.f3 b4 28.cxb4 axb4 29.Nf5 Rc1
30.axb4 Rxd1+ 31.Rxd1 Rb5 32.Ne3 Qb6 33.Kh1 Rxb4 34.Qc3 Rxb2 35.Nd5 Qf2 36.Rg1 Qc2
37.Qa5 Qc5 38.Qa4 f5 39.h3 fxe4 40.fxe4 Qf2 41.Qa8 Kh7 42.Qe8 Re2 43.Nc3 Re1
44.Rxe1 Qxe1+ 45.Kh2 Qxc3 46.Qxf8 Qc4 47.Qf5+ Kg8 48.Qg4 Qf7 49.Qc8+ Kh7
50.Qc6 h5 51.Kh1 Qe6 52.Qb5 g5 53.Kh2 Kh6 54.Qf1 Kg7 55.Qb5 Qf7 56.Qc6 g4
57.hxg4 hxg4 58.Qxd6 Qf4+ 59.g3 Qf2+ 60.Kh1 Qf1+ 61.Kh2 Qh3+ 62.Kg1 Qxg3+
63.Kf1 Qf3+ 64.Kg1 Qe3+ 65.Kf1 Qxe4 66.Qe7+ Kg6 67.Qe8+ Kg5 68.Qd8+ Kf4 69.Qd2+ Kg3
70.Qf2+ Kh3 71.Qb6 Qf3+ 72.Ke1 e4 73.Qa7 g3 74.Qd7+ Kg2 75.Qe7 Qe3+ 76.Kd1 Kf2  0-1

[Event "BEL-chT9899"]
[Site "Antwerp"]
[Date "1998.12.06"]
[Round "4"]
[White "Lacroix, Bruno"]
[Black "Mohandesi, Shahin"]
[Result "1/2-1/2"]
[WhiteElo "2211"]
[BlackElo "2316"]

1.e4 c5 2.Nf3 d6 3.Bb5+ Bd7 4.Bxd7+ Qxd7 5.O-O Nc6 6.Re1 Nf6 7.Nc3 e6 8.d3 Be7
9.h3 O-O 10.Bf4 Rfd8 11.e5 dxe5 12.Nxe5 Nxe5 13.Bxe5 Qc6 14.Qe2 Nd7 15.Bf4 Bf6
16.Qe4 Rac8 17.Rad1 Nb6 18.Be5 Qxe4 19.Rxe4 Bxe5 20.Rxe5 g6 21.b3 Kg7 22.Rde1 Nd7
23.R5e3 Nb8 24.Ne4 b6 25.f4 Nc6 26.c3 Rd7 27.g4 Rcd8 28.Nf2 Ne7 29.Rf3 Nd5
30.Ne4 Nc7 31.Ree3 Nd5 32.Re1 Nf6 33.Nxf6 Kxf6 34.Ree3 Rd5 35.Kf2 R8d7 36.c4 Rd4
37.Ke2 h6 38.Kf2 Kg7 39.Ke2 R4d6 40.h4 Rd4 41.g5 Rd8 42.Re4 R4d7 43.Kd2 Rd4
44.Rxd4 Rxd4 45.Ke3 Rd8 46.Rf2 f6 47.Rg2 Rh8  1/2-1/2

[Event "Yangon zt"]
[Site "Yangon"]
[Date "1998.12.10"]
[Round "2"]
[White "Liu Dede"]
[Black "Dao Thien Hai"]
[Result "0-1"]
[WhiteElo "2375"]
[BlackElo "2580"]

1.e4 c5 2.Nf3 d6 3.Bb5+ Nd7 4.O-O Nf6 5.d4 a6 6.Bxd7+ Nxd7 7.c4 cxd4 8.Qxd4 Qb6
9.Qc3 e6 10.Bg5 h6 11.Bh4 Rg8 12.Bg3 g5 13.Qd2 g4 14.Nd4 h5 15.Nc3 Ne5 16.c5 Qxc5
17.Na4 Qa7 18.Rfd1 Bd7 19.b3 b5 20.Nb2 Ng6 21.h4 gxh3 22.Nf3 e5 23.Bh2 Nf4
24.Bxf4 Rxg2+ 25.Kf1 exf4 26.Nd3 Bg4 27.Qxf4 Bh6 28.Qf6 Bg7 29.Qf4 Bxa1 30.Rxa1 Bxf3
31.Qxf3 Qd7 32.e5 Rd8 33.e6 fxe6 34.Nf4 Qg7 35.Re1 Rg1+ 36.Ke2 Qe5+ 37.Kd3 Qxe1  0-1

[Event "Budapest FS12 IM-B"]
[Site "Budapest"]
[Date "1998.12.11"]
[Round "7"]
[White "Nowik, Volker"]
[Black "Szeberenyi, Adam"]
[Result "1/2-1/2"]
[WhiteElo "2135"]
[BlackElo "2230"]

1.e4 c5 2.Nf3 d6 3.Bb5+ Bd7 4.Bxd7+ Qxd7 5.O-O Nc6 6.c3 Nf6 7.d4 Nxe4 8.d5 Ne5
9.Re1 Nf6 10.Nxe5 dxe5 11.Rxe5 e6 12.c4 O-O-O 13.Nc3 Bd6 14.Re1 exd5 15.Nxd5 Nxd5
16.cxd5 Bc7 17.Be3 Qxd5 18.Qa4 Kb8 19.b4 Qd7 20.Qxd7 Rxd7 21.bxc5 Ba5 22.Re2  1/2-1/2

[Event "Budapest FS12 GM"]
[Site "Budapest"]
[Date "1998.12.11"]
[Round "7"]
[White "Alienkin, Aleksander"]
[Black "Nguyen Anh Dung"]
[Result "1/2-1/2"]
[WhiteElo "2365"]
[BlackElo "2495"]

1.e4 c5 2.Nf3 d6 3.Bb5+ Bd7 4.Bxd7+ Qxd7 5.c4 Nc6 6.Nc3 g6 7.d4 cxd4 8.Nxd4 Bg7
9.Be3 Nf6 10.f3 O-O 11.O-O Rac8 12.b3 Rfd8 13.Qd2 e6 14.Rac1 d5 15.exd5 exd5
16.Nxc6  1/2-1/2

[Event "AUT-chT2M 9899"]
[Site "Austria"]
[Date "1998.12.12"]
[Round "4"]
[White "Tkaczuk, Rainer"]
[Black "Wukits, Rene"]
[Result "1-0"]
[WhiteElo "2260"]
[BlackElo "2230"]

1.e4 c5 2.Nf3 d6 3.Bb5+ Nd7 4.O-O a6 5.Bxd7+ Bxd7 6.h3 Nf6 7.e5 dxe5 8.Nxe5 Be6
9.Nc3 g6 10.d3 Bg7 11.Re1 O-O 12.Bf4 Qb6 13.Qd2 Rac8 14.a4 a5 15.b3 Rfd8
16.Rad1 Qb4 17.Nc4 Bxc4 18.bxc4 Nh5 19.Be5 Bxe5 20.Rxe5 Rd7 21.Rb1 Qxc4 22.Rxh5  1-0

[Event "Budapest FS12 IM-B"]
[Site "Budapest"]
[Date "1998.12.12"]
[Round "8"]
[White "Nowik, Volker"]
[Black "Pham Minh Hoang"]
[Result "0-1"]
[WhiteElo "2135"]
[BlackElo "2245"]

1.e4 c5 2.Nf3 d6 3.Bb5+ Nc6 4.O-O Bd7 5.c3 Nf6 6.Re1 a6 7.Bxc6 Bxc6 8.d4 g6
9.Nbd2 cxd4 10.cxd4 Bg7 11.e5 Nd5 12.Ne4 O-O 13.Bd2 Rc8 14.h4 b5 15.Rc1 Qd7
16.Qe2 Bb7 17.Neg5 Qg4 18.Rxc8 Rxc8 19.Nxf7 Rc2 20.N3g5 Qxe2 21.Rxe2 Nf4
22.Bxf4 Rxe2 23.exd6 exd6 24.Nxd6 Bd5 25.Be3 Rxb2 26.a3 Ra2 27.Nc8 Bf8 28.Nb6 Bd6
29.Kf1 Ra1+ 30.Ke2 Bxg2  0-1

[Event "Bundesliga 9899"]
[Site "Germany"]
[Date "1998.12.12"]
[Round "5.1"]
[White "Baklan, Vladimir"]
[Black "Ftacnik, Lubomir"]
[Result "1-0"]
[WhiteElo "2540"]
[BlackElo "2580"]

1.e4 c5 2.Nf3 d6 3.Bb5+ Bd7 4.Bxd7+ Qxd7 5.c4 Nc6 6.d4 Qg4 7.d5 Qxe4+ 8.Be3 Nd4
9.Qa4+ b5 10.Qa6 Nc2+ 11.Kd1 Rd8 12.Qxb5+ Rd7 13.Nbd2 Qg6 14.Rc1 Nxe3+ 15.fxe3 Nf6
16.b4 Ne4 17.Nxe4 Qxe4 18.bxc5 Qd3+ 19.Nd2 dxc5 20.Rf1 Qxe3 21.Rb1 Qe5 22.Qxc5 f6
23.Qc8+ Rd8 24.Qc6+ Kf7 25.Nf3 Qc3 26.Qe6+ Ke8 27.Nd2 g6 28.Rb7 h5 29.d6 Qa1+
30.Ke2 Qe5+ 31.Qxe5 fxe5 32.Rxf8+  1-0

[Event "Yangon zt"]
[Site "Yangon"]
[Date "1998.12.14"]
[Round "7"]
[White "Antonio, Rogelio Jr"]
[Black "Myo Naing"]
[Result "1-0"]
[WhiteElo "2540"]
[BlackElo "2345"]

1.e4 c5 2.Nf3 d6 3.Bb5+ Nd7 4.d4 Nf6 5.Nc3 cxd4 6.Qxd4 e5 7.Qd3 h6 8.O-O a6
9.Bc4 Nc5 10.Qe2 Be7 11.Rd1 Qc7 12.Nh4 Rb8 13.a4 Bg4 14.f3 Bd7 15.Nf5 Bxf5
16.exf5 O-O 17.Be3 Nxa4 18.Nxa4 b5 19.Bb3 bxa4 20.Rxa4 d5 21.Rxa6 d4 22.Bf2 Rfe8
23.Rda1 Bc5 24.Qc4 Rb4 25.Qd3 e4 26.fxe4 Qf4 27.Rxf6 gxf6 28.Re1 Rb7 29.g3 Qe5
30.Kg2 Kh7 31.Bd5 Rc7 32.Re2 Rb8 33.Bb3 Rd8 34.Be1 Re7 35.Bd2 Bd6 36.Re1 Rg8
37.Qf3 Rc7 38.Qh5 Bf8 39.Qf3 Bd6 40.Ra1 Qe7 41.Ra6 Be5 42.Qh5 Qf8 43.Ra8 Qg7
44.Rxg8 Kxg8 45.Bxh6 Qh7 46.Qg4+ Kh8 47.Bd2 d3 48.cxd3 Rb7 49.Qd1 Rxb3 50.Qxb3 Qh5
51.Qb6 Qe2+ 52.Qf2 Qxd3 53.Qe3 Qc4 54.b3 Qc2 55.Kh3 Qd1 56.Be1 Kg8 57.b4 Bd6
58.b5 Bf8 59.b6 Bh6 60.Qc3 Qh5+ 61.Kg2 Qe2+ 62.Bf2  1-0

[Event "Oxford Grandmasters 'A'"]
[Site "Oxford"]
[Date "1998.12.15"]
[Round "2"]
[White "Pedersen, Steffen"]
[Black "Hodgson, Julian M"]
[Result "0-1"]
[WhiteElo "2415"]
[BlackElo "2575"]

1.e4 c5 2.Nf3 d6 3.Bb5+ Bd7 4.Bxd7+ Nxd7 5.O-O Ngf6 6.Qe2 e6 7.c3 Be7 8.d4 cxd4
9.cxd4 d5 10.e5 Ne4 11.Nbd2 Nxd2 12.Bxd2 O-O 13.Rad1 Rc8 14.Ne1 Qb6 15.Be3 Qa6
16.Qxa6 bxa6 17.Nd3 a5 18.Rc1 a4 19.Bd2 Rc4 20.Rxc4 dxc4 21.Nb4 Rc8 22.Rc1 Nb6
23.Kf1 f6 24.Nc2 Kf7 25.Ne3 f5 26.Ba5 Bg5 27.Bxb6 Bxe3 28.fxe3 axb6 29.a3 b5
30.Ke2 Ke7 31.Kd2 Kd7 32.Rf1 Kc6 33.h3 Kd5 34.g4 Rf8 35.Kc3 g5 36.Kb4 f4
37.exf4 gxf4 38.Kxb5 f3  0-1

[Event "Skopje op"]
[Site "Skopje"]
[Date "1998.12.17"]
[Round "6"]
[White "Ljangov, Petar"]
[Black "Stojanovski, Dejan"]
[Result "0-1"]
[WhiteElo "2255"]
[BlackElo "2235"]

1.e4 c5 2.Nf3 d6 3.Bb5+ Bd7 4.Bxd7+ Qxd7 5.c4 Nc6 6.O-O g6 7.Nc3 Bg7 8.d3 Nf6
9.h3 O-O 10.Be3 Qc7 11.Qd2 Rfe8 12.Rac1 Qa5 13.Rfd1 a6 14.Nd5 Qxd2 15.Rxd2 Nxd5
16.cxd5 Ne5 17.Nxe5 Bxe5 18.f4 Bg7 19.d4 cxd4 20.Bxd4 Rac8 21.Rxc8 Bxd4+
22.Rxd4 Rxc8 23.Rd2 Rc4 24.Re2 Kf8 25.g3 Rd4 26.Kf2 f5 27.Kf3 fxe4+ 28.Rxe4 Rxd5
29.Rc4 Rc5 30.Rd4 Rc2 31.Rb4 b5 32.Rb3 Rc4 33.Ke3 Kf7 34.Kd2 h5 35.Ke3 Ke6
36.Kf3 Kd5 37.Rd3+ Rd4 38.Ra3 Ra4 39.Rd3+ Kc4  0-1

[Event "Festival comtois 3rd"]
[Site "Belfort"]
[Date "1998.12.19"]
[Round "6"]
[White "Ponomariov, Ruslan"]
[Black "Bologan, Viktor"]
[Result "1/2-1/2"]
[WhiteElo "2585"]
[BlackElo "2585"]

1.e4 c5 2.Nf3 d6 3.Bb5+ Bd7 4.Bxd7+ Qxd7 5.c4 Nc6 6.Nc3 g6 7.d4 Bg7 8.d5 Bxc3+
9.bxc3 Na5 10.Nd2 e5 11.dxe6 Qxe6 12.Qa4+ Nc6 13.Rb1 O-O-O 14.O-O Nge7 15.Re1 Rd7
16.Nf1 Rg8 17.f3 g5 18.Bd2 Ng6 19.Ne3 g4 20.fxg4 Nge5 21.Rf1 Nxg4 22.Nd5 Qxe4
23.Rbe1 Qg6 24.Nf4 Qh6 25.h3 Nge5 26.Re2 f5 27.Kh1 Qh4 28.Qc2 Rf7 29.Be1 Qd8
30.Nd5 Rgf8 31.Ref2 Qd7 32.Bd2 Qe6 33.Qa4 Kb8 34.Bf4 Nd3 35.Rd2 Nce5 36.Qd1 Nxf4
37.Nxf4 Qxc4 38.Rxd6 a6 39.Nd5 Ka7 40.Rf2 Qh4 41.Rf4 Qg3 42.Qb3 Nd7 43.Re6 Rg7
44.Qb2 Qd3 45.c4 Qd1+ 46.Kh2 Rfg8 47.Rf2 Qd4 48.Qe2 Rg6 49.Re7 Nb6 50.Rxb7+ Kxb7
51.Qe7+ Ka8 52.Nc7+ Kb8 53.Nxa6+ Ka8 54.Nc7+ Kb8 55.Na6+ Ka8  1/2-1/2

[Event "Groningen Festival Women"]
[Site "Groningen"]
[Date "1998.12.21"]
[Round "2"]
[White "Darchia, Diana"]
[Black "Zhu Chen"]
[Result "0-1"]
[WhiteElo "2445"]
[BlackElo "2480"]

1.e4 c5 2.Nf3 d6 3.Bb5+ Nd7 4.O-O Nf6 5.Re1 a6 6.Bf1 e6 7.d4 cxd4 8.Nxd4 Be7
9.c4 O-O 10.Nc3 Qc7 11.a4 b6 12.a5 Bb7 13.Nb3 Rab8 14.axb6 Nxb6 15.Na5 Ba8
16.Bf4 Nbd7 17.Qc2 Ne5 18.Reb1 d5 19.Bxe5 Qxe5 20.exd5 Ng4 21.g3 Bc5 22.Ne4 Bd4
23.Bh3 f5 24.Bxg4 fxe4 25.Bxe6+ Kh8 26.Rf1 Rxb2 27.Qa4 Rbxf2 28.Rxf2 Bxf2+
29.Kg2 e3 30.Qa3 Qe4+ 31.Kh3 Rf6  0-1

[Event "Groningen Festival Women"]
[Site "Groningen"]
[Date "1998.12.26"]
[Round "6"]
[White "Darchia, Diana"]
[Black "Peng, Zhaoqin"]
[Result "1/2-1/2"]
[WhiteElo "2445"]
[BlackElo "2425"]

1.e4 c5 2.Nf3 d6 3.Bb5+ Nd7 4.O-O Nf6 5.Re1 a6 6.Bf1 b6 7.d4 cxd4 8.Nxd4 Bb7
9.f3 e6 10.c4 Be7 11.Nc3 O-O 12.b3 Re8 13.Bb2 Qc7 14.Kh1 Rad8 15.Rc1 Qb8
16.Rc2 Bf8 17.Qa1 Rc8 18.Rd2 d5 19.exd5 exd5 20.Rxe8 Rxe8 21.Nxd5 Nxd5 22.cxd5 Qf4
23.Qd1 h5  1/2-1/2

[Event "Eastern op"]
[Site "Washington DC"]
[Date "1998.12.26"]
[Round "1"]
[White "Negulescu, Adrian"]
[Black "Mayer, Steven F"]
[Result "1-0"]
[WhiteElo "2465"]
[BlackElo "2235"]

1.e4 c5 2.Nf3 d6 3.Bb5+ Bd7 4.Bxd7+ Qxd7 5.c4 Nf6 6.Nc3 Nc6 7.O-O g6 8.d4 cxd4
9.Nxd4 Bg7 10.Nde2 O-O 11.f3 Rac8 12.Be3 Rfe8 13.Qd2 Ne5 14.b3 a6 15.a4 b6
16.Bxb6 Qb7 17.a5 Nfd7 18.Na4 Nc5 19.Nxc5 dxc5 20.Rad1 Rc6 21.Nc3 Rd6 22.Nd5 Rc6
23.Nc3 Rd6 24.Qc2 Nd7 25.Rxd6 exd6 26.Nd5 Ne5 27.Qd2 Nc6 28.Kh1 Qd7 29.Bxc5 Nxa5
30.Qxa5 dxc5 31.Qxc5 Kh8 32.Qb6 Re6 33.Qb8+ Re8 34.Qf4 Be5 35.Qh4 f5 36.f4 Bb2
37.e5  1-0

[Event "Eastern op"]
[Site "Washington DC"]
[Date "1998.12.26"]
[Round "2"]
[White "Hoekstra, Matthew"]
[Black "Gelman, Geoffrey"]
[Result "1/2-1/2"]
[WhiteElo "2125"]
[BlackElo "2245"]

1.e4 c5 2.Nf3 d6 3.Bb5+ Nd7 4.d4 cxd4 5.Qxd4 e6 6.Nc3 Nf6 7.Bg5 Be7 8.O-O O-O
9.Rad1 Qa5 10.Bxd7 Bxd7 11.Bxf6 Bxf6 12.e5 Be7 13.Ne4 Bc6 14.exd6 Rfd8 15.Ne5 Bxe4
16.Qxe4 Bxd6 17.Rxd6 Rxd6 18.Nc4 Qd5 19.Nxd6 Qxd6 20.Qxb7 Rb8 21.Qxa7 Rxb2
22.c4 g6 23.c5 Qd5 24.a4 Rc2 25.a5 Rxc5 26.a6 Ra5 27.Qb8+ Kg7 28.Qb2+ f6
29.Qb6 g5 30.h3 Qa2 31.f4 gxf4 32.Qc7+ Kg6 33.Qxf4 f5 34.g4 Qd5 35.h4 Qc5+
36.Rf2 Rxa6 37.gxf5+ exf5 38.Qg5+ Kf7 39.Qxf5+  1/2-1/2

[Event "Groningen op"]
[Site "Groningen"]
[Date "1998.12.28"]
[Round "8"]
[White "Sedina, Elena"]
[Black "Middelburg, Tom"]
[Result "1/2-1/2"]
[WhiteElo "2410"]
[BlackElo "2230"]

1.e4 c5 2.Nf3 d6 3.Bb5+ Bd7 4.Bxd7+ Qxd7 5.c4 Nf6 6.Nc3 Nc6 7.d4 cxd4 8.Nxd4 e6
9.O-O Be7 10.Be3 O-O 11.f3 a6 12.a4 Rfd8 13.Nde2 Qc7 14.Rc1 Qa5 15.Nf4 Nb4
16.Qd2 Nc6 17.Rfd1 Nd7 18.b3 Qe5 19.Nfe2 Nc5 20.Rb1 Qf6 21.f4 Qg6 22.f5 Qf6
23.Rf1 Ne5 24.fxe6 Qxe6 25.Nd4 Qg6 26.Nf5 Bf8 27.Nd5 Kh8 28.Nf4 Qf6 29.Ng3 Ng4
30.Nfh5 Qh4 31.h3 Nxe3 32.Qxe3 Qe7 33.Qf3 Rd7 34.Nf4 Re8 35.Rbe1 Qe5 36.Qg4 Red8
37.Nd5 Ne6 38.Rf5 Qd4+ 39.Kh1 g6 40.Rff1 Bg7 41.Rd1 Qe5 42.Nb6 Re7 43.Nd5 Red7
44.Nb6  1/2-1/2

[Event "Groningen op"]
[Site "Groningen"]
[Date "1998.12.29"]
[Round "9"]
[White "Baklan, Vladimir"]
[Black "Najer, Evgeniy"]
[Result "1/2-1/2"]
[WhiteElo "2585"]
[BlackElo "2535"]

1.e4 c5 2.Nf3 d6 3.Bb5+ Bd7 4.Bxd7+ Qxd7 5.c4 Nc6 6.d4 cxd4 7.Nxd4 Nf6 8.Nc3 e6
9.O-O Be7 10.Be3 O-O 11.f3 Rfc8 12.b3 Qe8 13.Re1 a6 14.a4 Nd7 15.Rb1 Nxd4
16.Bxd4 Qd8 17.Qd2 Qa5 18.Be3 Bf8 19.Red1 h6 20.Ne2 Qxd2 21.Bxd2 Rab8 22.Bf4  1/2-1/2

[Event "Eastern op"]
[Site "Washington DC"]
[Date "1998.12.29"]
[Round "7"]
[White "Hoekstra, Matthew"]
[Black "Meyer, John C"]
[Result "1/2-1/2"]
[WhiteElo "2125"]
[BlackElo "2345"]

1.e4 c5 2.Nf3 d6 3.Bb5+ Bd7 4.Bxd7+ Nxd7 5.d4 g6 6.O-O Bg7 7.d5 Ngf6 8.c4 Nxe4
9.Re1 Nef6 10.Qe2 O-O 11.Nc3 Re8 12.Bf4 a6 13.Rad1 Rb8 14.a4 h6 15.h3 Nf8
16.Qd2 Kh7 17.Ne4 Qd7 18.Nxf6+ exf6 19.b4 Rbc8 20.Rxe8 Rxe8 21.bxc5 dxc5
22.Qc2 f5 23.Re1 Rxe1+ 24.Nxe1 Qe8 25.Nf3 Qe4 26.Qxe4 fxe4 27.Nd2 f5 28.Nb3 Nd7
29.Bd6 b6 30.a5 Kg8 31.axb6 Nxb6 32.Nxc5 Bf8 33.Bxf8 Kxf8 34.Nxa6 Nxc4 35.f3 exf3
36.gxf3 Ke7 37.Kf2 Kd6 38.Nb4 Nb6 39.Nd3 Nxd5 40.h4 f4 41.Kg2 Ke6 42.Nf2 Nf6
43.Nd3 Kf5 44.Nc5 Nd5 45.Nd3 Ne3+ 46.Kh3 Nc4 47.Kg2 Ne5 48.Nc5 Kf6 49.Kf2 Ke7
50.Ne4 Ke6 51.Ke2 Kd5 52.Nf2 Kd4 53.Nh3 Nd3 54.Kd2 Kc4 55.Ng1 Ne5 56.Kc2 Kd4
57.Kd2 Nc4+ 58.Ke2 Nd6 59.Nh3 Ke5 60.Nf2 Kf5 61.Nd3 Nc4 62.Kf2 Ne5 63.Nc5 Kf6
64.Ke2 Ke7 65.Nb7 Ke6 66.Na5 Kd5 67.Kf2 Kd6 68.Nb7+ Kc6 69.Nd8+ Kd5 70.Kg2 Kd4
71.Kf2 Nc4 72.Ne6+ Ke5 73.Nc5 g5 74.hxg5 hxg5 75.Nd7+ Kd5 76.Nf6+ Ke6 77.Ne4 Kf5
78.Nc5 Ne5 79.Nb3 Nc6 80.Kg2 Ke5 81.Nc5 Nd8 82.Kf2 Ne6 83.Nb3 Kd5 84.Nd2 Kd4
85.Ke2 Nc5 86.Nb1 Na4 87.Kd2 Nb2 88.Ke2 Nd3 89.Nd2 Nc5  1/2-1/2

[Event "UKR-chT"]
[Site "Alushta"]
[Date "1998.??.??"]
[Round "?"]
[White "Fadeev, Valeri"]
[Black "Davidovic, Aleksandar"]
[Result "1-0"]
[WhiteElo "2380"]
[BlackElo "2410"]

1.e4 c5 2.Nf3 d6 3.Bb5+ Nd7 4.O-O a6 5.Bxd7+ Bxd7 6.h3 e5 7.c3 Ne7 8.d4 Ng6
9.Nbd2 Be7 10.Re1 O-O 11.Nc4 Qc7 12.dxe5 dxe5 13.Nfxe5 Nxe5 14.Nxe5 Bxh3
15.Ng4 Rad8 16.Qf3 Bxg4 17.Qxg4 Qd7 18.Qg3 Qc6 19.Be3 Rd3 20.Qg4 Rfd8 21.g3 g6
22.c4 h5 23.Qf4 Qe6 24.Rac1 b6 25.b3 Bf6 26.Kg2 Be5 27.Qh4 Bf6 28.Qf4 Bd4
29.Bxd4 R8xd4 30.Re2 Kg7 31.Rce1 a5 32.Re3 Rd2 33.R3e2 R2d3 34.Re3 Rd2 35.a4 R2d3
36.Qf3 Rxe3 37.Rxe3 f6 38.e5 f5 39.Qb7+ Kh6 40.f4 Rd7 41.Qa8 Kg7 42.Qf3 Rd2+
43.Re2 Rd8 44.Kf2 Kh6 45.Qe3 Rd4 46.Rd2 Qd7 47.Ke2 Qc6 48.Rxd4 cxd4 49.Qxd4 Qg2+
50.Qf2 Qe4+ 51.Kd2 Qb1 52.Kc3 Qa1+ 53.Kd3 Qd1+ 54.Qd2 Qxb3+ 55.Qc3 Qd1+ 56.Ke3 Qg1+
57.Kd2 Qf2+ 58.Kc1 h4 59.e6 Qf1+ 60.Kb2 Qe2+ 61.Kb3 Qd1+ 62.Ka3 Qd6+ 63.Kb2 Kh7
64.gxh4 Qxe6 65.Qd3 Qe7 66.h5 Qb4+ 67.Kc1 gxh5 68.Qxf5+ Kg7 69.Qg5+ Kf8 70.Qf6+ Ke8
71.Qe6+ Kf8 72.f5 Qc3+ 73.Kd1 Qd3+ 74.Ke1 Qg3+ 75.Ke2 Qg4+ 76.Ke3 h4  1-0

[Event "UKR-chT"]
[Site "Alushta"]
[Date "1998.??.??"]
[Round "?"]
[White "Gushpit, Iaroslav"]
[Black "Savchenko, Stanislav"]
[Result "1/2-1/2"]
[WhiteElo "2335"]
[BlackElo "2595"]

1.e4 c5 2.Nf3 d6 3.Bb5+ Nd7 4.c4 Nf6 5.Nc3 e6 6.O-O Be7 7.d4 cxd4 8.Qxd4 O-O
9.Rd1 Qc7 10.Bxd7 Bxd7 11.Bg5 Rfd8 12.Rac1 a6 13.h3 Rac8 14.b3 Qa5 15.Qd2 Kh8
16.Bf4 Be8 17.Qe2 b5 18.e5 dxe5 19.Rxd8 Rxd8 20.Nxe5 Kg8 21.Rc2 bxc4 22.Nxc4 Qf5
23.Bg3 Nh5 24.Bc7 Nf4 25.Qe4 Qxe4 26.Nxe4 Rd1+ 27.Kh2 Nd5 28.Bd6 Kf8 29.a3 Bb5
30.Ne5  1/2-1/2

[Event "UKR-chT"]
[Site "Alushta"]
[Date "1998.??.??"]
[Round "?"]
[White "Gushpit, Iaroslav"]
[Black "Gaponenko, Inna"]
[Result "0-1"]
[WhiteElo "2335"]
[BlackElo "2365"]

1.e4 c5 2.Nf3 d6 3.Bb5+ Nd7 4.O-O Nf6 5.Re1 a6 6.Bf1 b6 7.c4 Bb7 8.Nc3 e6
9.b3 Be7 10.d4 cxd4 11.Nxd4 O-O 12.Bb2 Qc7 13.Qd3 Rfe8 14.Qh3 Bf8 15.Rad1 Rad8
16.Bd3 Ne5 17.Bb1 Ng6 18.Qg3 Rd7 19.Bc1 Qd8 20.Bg5 Be7 21.Qh3 Nf8 22.Rd3 d5
23.cxd5 Nxd5 24.Bxe7 Nxe7 25.Red1 Qc8 26.Qe3 Red8 27.Na4 Qc7 28.Ne2 Rxd3
29.Rxd3 Rxd3 30.Bxd3 Nd7 31.h3 Ng6 32.Qg5 b5 33.Nb2 Nc5 34.f3 e5 35.Qe3 Qd6
36.b4 Ne6 37.a3  0-1